Le top 10 des pays exportateur de fromage le monde - Statistiques

Statistiques générales
  • Ce quiz a été pris 121 fois
  • Le résultat moyen est 7 sur 10
Statistiques - réponses
Top 10 Pays % Correct
3 France
100%
4 Italie
94%
6 Etats - Unis
90%
1 Allemagne
89%
2 Pays - Bas
77%
9 Belgique
66%
8 Pologne
62%
10 Irlande
42%
5 Danemark
41%
7 Nouvelle Zélande
26%
Aucun quiz correspondant
Distribution des résultats
% des personnes avec chaque résultat
Percentile par nombre de réponses
Votre historique - résultats
Vous n’avez pas pris ce quiz